MARC details
| 000 -LEADER |
| campo de control de longitud fija |
02766nam a22002537a 4500 |
| 003 - IDENTIFICADOR DE NÚMERO DE CONTROL |
| campo de control |
OSt |
| 005 - FECHA Y HORA DE LA ÚLTIMA TRANSACCIÓN |
| campo de control |
20250618231620.0 |
| 008 - DATOS DE LONGITUD FIJA--INFORMACIÓN GENERAL |
| campo de control de longitud fija |
250618b |||||||| |||| 00| 0 eng d |
| 020 ## - NÚMERO INTERNACIONAL ESTÁNDAR DEL LIBRO |
| Número Internacional Estándar del Libro |
9780750686563 |
| 040 ## - FUENTE DE CATALOGACIÓN |
| Centro catalogador/agencia de origen |
CO-UDECOLOMBIA |
| Lengua de catalogación |
ENGLISH |
| Centro/agencia transcriptor |
CO-UDECOLOMBIA |
| Centro/agencia modificador |
CO-UDECOLOMBIA |
| 082 04 - NÚMERO DE LA CLASIFICACIÓN DECIMAL DEWEY |
| Número de clasificación |
658.404 |
| Número de ítem |
J58 |
| 100 1# - ENTRADA PRINCIPAL--NOMBRE DE PERSONA |
| Nombre de persona |
Jeston, John |
| 9 (RLIN) |
2927 |
| 245 10 - MENCIÓN DEL TÍTULO |
| Título |
Business process management : |
| Resto del título |
practical guidelines to successful implementations / |
| Mención de responsabilidad, etc. |
John Jeston, Johan Nelis, Tom Davenport. |
| 250 ## - MENCION DE EDICION |
| Mención de edición |
2nd edition. |
| 260 ## - PUBLICACIÓN, DISTRIBUCIÓN, ETC. |
| Lugar de publicación, distribución, etc. |
Hungary : |
| Nombre del editor, distribuidor, etc. |
El Servier, |
| Fecha de publicación, distribución, etc. |
2008. |
| 300 ## - DESCRIPCIÓN FÍSICA |
| Extensión |
469 páginas |
| Otras características físicas |
ilustraciones, |
| Dimensiones |
24 cm. |
| 505 0# - NOTA DE CONTENIDO CON FORMATO |
| Nota de contenido con formato |
Frequently asked questions -- How can we demystify business process management -- What is business process management -- Why is it important to improve business processes before automating them -- When should you do BPM -what are the main drivers and triggers -- Who should be involved in BPM -- Why are organizational strategy and process architecture important in BPM implementation? -- How do you sell BPM technology to the organization? -- What are the critical succes factors in a BPM project -- What are the critical implementation aspects for a BPM solution ? -- Why do you need a structured approach to implementing BPM -- The framework -- Framework overview -- Gudelines on how to use the framework -- Organization strategy phase -- Process architecture phase -- Launch pad phase -- Understand phase -- Innovate phase -- People phase -- Develop phase -- Implement phase -- Realize value phase -- Sustainable performance phase -- Essentials introduction -- Project management -- People change management -- Leadership -- BPM and the organization -- Embedding BPM within the organization -- Appendices - tools and techniques -- Organization strategy phase -- Process architecture phase -- Launch pad phase -- Innovate phase -- People phase -- Develop phase -- Implement phase -- Realize value phase -- Sustainable performance phase -- People change management essential -- Embedding BPM in the organization -- Framework summary |
| 520 0# - RESUMEN, ETC. |
| Sumario, etc. |
Business process management: practical guidelines to successful implementations provides organizational leadership with an understanding of business process management and its benefits to an organization. This book also gives business process management practitioners a framework and set of tools and techniques that provides a practical guide to successfully implementing Business Process Management projects. It can be used as a reference book for organizations completing Business Process Management projects. |
| 650 14 - PUNTO DE ACCESO ADICIONAL DE MATERIA--TÉRMINO DE MATERIA |
| Término de materia o nombre geográfico como elemento de entrada |
PROJECT MANAGEMENT |
| 9 (RLIN) |
2858 |
| 650 14 - PUNTO DE ACCESO ADICIONAL DE MATERIA--TÉRMINO DE MATERIA |
| Término de materia o nombre geográfico como elemento de entrada |
BUSINESS |
| 9 (RLIN) |
2859 |
| 700 1# - ENTRADA AGREGADA--NOMBRE PERSONAL |
| Nombre de persona |
Nelis, Johan |
| 9 (RLIN) |
2928 |
| 700 1# - ENTRADA AGREGADA--NOMBRE PERSONAL |
| Nombre de persona |
Davenport, Tom |
| 9 (RLIN) |
2921 |
| Término indicativo de función/relación |
foreword |
| 942 ## - ELEMENTOS DE ENTRADA SECUNDARIOS (KOHA) |
| Fuente del sistema de clasificación o colocación |
Clasificación Decimal Dewey |
| Tipo de ítem Koha |
Libros |
| Parte de la signatura que corresponde a la clasificación (Parte de la clasificación) |
658.404 J58 |
| Suprimir en OPAC |
No |